000 00931nam a22002897a 4500
999 _c29941
_d29941
003 PACU
005 20211119114719.0
008 180626b ||||| |||| 00| 0 eng d
020 _a9780878086290
020 _a0878086293
040 _aPACU
_beng
_cPACU
042 _apcc
050 0 0 _aBV2063
_b.W8 2015
100 1 _aWu, Jackson.
245 1 0 _aOne gospel for all nations :
_ba practical approach to biblical contextualization /
_cJackson Wu.
260 _aPasadena, CA :
_bWilliam Carey Library,
_c[2015]
300 _axxvii, 268 pages :
_billustrations ;
_c22 cm
336 _atext
_2rdacontent
337 _aunmediated
_2rdamedia
338 _avolume
_2rdacarrier
504 _aIncludes bibliographical references (pages 243-253) and index.
650 0 _aMissions.
_9538
650 0 _aChristianity and culture.
_9856
650 0 _aWitness bearing (Christianity)
650 0 _aEvangelistic work.
_963
942 _2lcc
_cBK